000 00644cam a2200229 4500500
005 20260405000810.0
041 _afre
042 _adc
100 1 0 _aDuval, Jean-François
_eauthor
245 0 0 _aBrigitte Bardot : « Je voudrais n’être pas née »
260 _c2009.
500 _a12
690 _aAnimal
690 _aBeauté
690 _aBien
690 _aDon
690 _aHomme
690 _aMal
690 _aMilitance
786 0 _nPhilosophie magazine | 31 | 7 | 2009-07-01 | p. 4-8 | 1951-1787
856 4 1 _uhttps://shs.cairn.info/magazine-philosophie-magazine-2009-7-page-4?lang=fr&redirect-ssocas=7080
999 _c2040893
_d2040893